| 000 | 00785nam a2200229 i 4500 | ||
|---|---|---|---|
| 001 | 32523 | ||
| 003 | ES-MaACL | ||
| 007 | t| | ||
| 008 | 030131s1967 mx ||||1| spa d | ||
| 080 | _a331.105.44(460) | ||
| 080 | _a929-054.7(=1.460:44):32 | ||
| 100 | 1 |
_aBerruezo Silvente, José. _928401 |
|
| 245 | 1 | 0 |
_aContribución a la historia de la C.N.T. de España en el exilio / _cJosé Berruezo. |
| 260 |
_aMéxico : _bEditores Mexicanos Unidos, _c1967. |
||
| 300 |
_a301 p. ; _c20 cm. |
||
| 500 | _aBiblioteca Juan Andrade. | ||
| 610 | 2 | 4 |
_aConfederación Nacional del Trabajo (España) _93165 |
| 650 | 1 | 4 |
_aExiliados españoles- _zFrancia- _xActividad política. _912671 |
| 852 |
_aES-MaACL _jE-9774 _bR.93863 |
||
| 852 |
_aES-MaACL _jAND-646 _bR.109944 |
||
| 999 |
_c32523 _d32523 |
||